Things that grow : Sue Nicholson

Bibliographic Details
Main Author: Nicholson,Sue
Format: Book
Published: London : David west children books , 2003
Series:I My first book of questions and answers
Subjects:

MARC

LEADER 00000cam a2200000 7i4500
001 0000066743
005 20161009.0
008 161009
020 |a 0752598287 
090 0 0 |a Q   |b ENG 
100 1 |a Nicholson,Sue 
245 1 4 |a Things that grow :   |b Sue Nicholson 
260 |a London :   |b David west children books ,   |c 2003 
440 |a I My first book of questions and answers 
500 |a Children ages 7-9 years old (orange) 
650 0 |a Junior fiction   |x English   |x Languages 
999 |a 0000008352   |b Book   |c Children Collection   |e Cawangan Taman Universiti 
999 |a 0000008353   |b Book   |c Children Collection   |e Cawangan Taman Universiti 
999 |a 0000008354   |b Book   |c Children Collection   |e Cawangan Taman Universiti